Historia universal del arte : vol. 4 /
Guardado en:
| Formato: | Libro |
|---|---|
| Publicado: |
Madrid :
Sarpe,
1982
|
| Materias: | |
| Etiquetas: |
Agregar Etiqueta
Sin Etiquetas, Sea el primero en etiquetar este registro!
|
| LEADER | 00698nam a22002055a 4500 | ||
|---|---|---|---|
| 001 | CEM.cems009470 | ||
| 005 | 20080908075059.0 | ||
| 008 | 130507s1982##################000#0#####d | ||
| 003 | CEMS | ||
| 020 | |a 8472915921 | ||
| 082 | 0 | 4 | |a 709 |
| 245 | 0 | 0 | |a Historia universal del arte : |b vol. 4 / |
| 260 | |a Madrid : |b Sarpe, |c 1982 | ||
| 300 | |a 148 p. | ||
| 505 | 0 | |a Arte anglosajón -- Arte vikingo -- Arte islámico -- Arte precolombino -- Arte indio norteamericano y esqimal -- Arte africano -- Arte de Oceanía -- Arte Carolingio | |
| 653 | |a Arte | ||
| 653 | |a Historia del arte | ||
| 653 | |a Arte africano | ||
| 653 | |a Arte anglosajón | ||
| 859 | |a CEMS |b BIB. CEMS - 11 de abril |h 709 |i Sa74 |p 19117.97 |t Ej.1 |v 4 |3 4 | ||
